Score 0/20 Timer 02:00
0 Plays Today
Clue 4-Letter Word % Correct
Umbilical connectionCORD
96.6%
'___ and Found'LOST
95.6%
US & Russia 'War', roughly 1947-1991•COLD•
94.3%
Introduced into the worldBORN
93.8%
Inedible pineapple partCORE
93.6%
Just in ___, lest something goes wrong•CASE•
93.4%
Tolkien's '___ of the Rings'LORD
92.6%
Drill (a hole)BORE
92.3%
Like walls without artworkBARE
92.3%
___ about; have concern forCARE
92.3%
Clue 4-Letter Word % Correct
Kentucky military post: ___ KnoxFORT
91.7%
Exhausted, '___ out'WORN
91.4%
Modeled, like clothingWORE
89.6%
Mustang or Taurus, e.g.FORD
89.4%
Billing amountCOST
88%
Closing credits listCAST
87.2%
Opposite of starboardPORT
84.6%
Sulky displayPOUT
70.8%
An oafLOUT
69.8%
Resume video game progress•LOAD•
66.1%

Today's Daily Dose

Remove Ads.
Support Sporcle.
Get the best of Sporcle when you Go Orange. This ad-free experience offers more features, more stats, and more fun while also helping to support Sporcle. Thank you for becoming a member.

You're not logged in!

Compare scores with friends on all Sporcle quizzes.
OR
Log In

Show Comments

Extras

Top Quizzes Today


Score Distribution

Your Account Isn't Verified!

In order to create a playlist on Sporcle, you need to verify the email address you used during registration. Go to your Sporcle Settings to finish the process.

Report this User

Report this user for behavior that violates our Community Guidelines.

Details: